| 000 | 00798nam a22002297a 4500 | ||
|---|---|---|---|
| 003 | 0 | ||
| 005 | 20250901073250.0 | ||
| 008 | 250901b xxu||||| |||| 00| 0 eng d | ||
| 020 | _a978-1-7182-1205-3 | ||
| 050 |
_aGV 363 _b.B53 2023 |
||
| 100 |
_aBlackshear, Tara B., _eauthor. |
||
| 245 |
_aCritical race studies in physical education / _cTara B. Blackshear and Brian Culp. |
||
| 260 |
_aChampaign, IL : _bHuman Kinetics, _c2023. |
||
| 300 |
_axxix, 106 pages : _billustrations ; _c23 cm. |
||
| 504 | _aIncludes bibliographical references and index. | ||
| 650 |
_aPhysical education teachers _xTraining of. |
||
| 650 |
_aAfrican American youth _xEducation. |
||
| 650 | _aCulturally relevant pedagogy. | ||
| 650 | _aAcademic achievement. | ||
| 700 |
_aCulp, Brian, _eauthor. |
||
| 942 |
_2lcc _cBK |
||
| 999 |
_c367723 _d367723 |
||